-a kocky boli hodené výraz "prekročiť rubikon" vošiel do dejín 10. januára 49 pred naším letopočtom

Bibliographic Details
Main Author: Moravčík, Roman, 1973- (Author)
Format: Article
Language:Slovak
ISSN:1335-4701
Subjects:

MARC

LEADER 00000nab a2200000 a 4500
001 vtls009008476
003 SK-MaSNL
005 20260303065522.0
008 140301c20070112xo dr|p|||||||000 b|slo
015 |a SNBRB2007/07  |2 snkbucl 
038 |a SNKBUCL 
040 |a SNKBUCL  |b slo  |c SNKBUCL  |e AACR2 
041 0 |a slo 
044 |a xo  |c SK 
080 |a 94(37)  |x "-00"  |2 2001 
100 1 |a Moravčík, Roman,  |d 1973-  |4 aut  |9 164650 
245 1 0 |a -a kocky boli hodené  |b výraz "prekročiť rubikon" vošiel do dejín 10. januára 49 pred naším letopočtom  |c Roman Moravčík 
600 1 7 |a Caesar, Gaius Iulius,  |d 100-44 pred Kr.  |2 snkbucl  |9 118293 
648 7 |a 1. stor. pr.n.l.  |2 snkbucl  |9 1065683 
651 7 |a Rímska ríša  |2 snkbucl  |9 212347 
773 0 |t Hospodárske noviny  |g Roč. XV., č. 9 (12.-14.1.2007)  |x 1335-4701 
773 0 8 |t Civilizácia  |g S. 25 
852 |a SNK  |b KIS3GCP 
999 |c 1751517  |d 1753447